This Forbidden Thing Called Love/ (Record no. 216411)

MARC details
000 -LEADER
fixed length control field 00544nam a22001937a 4500
005 - DATE AND TIME OF LATEST TRANSACTION
control field 20260529152752.0
010 ## - LCCN (DPL NO)
LC control number ENG-148674
020 ## - INTERNATIONAL STANDARD BOOK NUMBER
International Standard Book Number 9789349042940
Terms of availability 299.00
035 ## - SYSTEM CONTROL NUMBER
System control number EN-132206
037 ## - SOURCE OF ACQUISITION
Source of stock number/acquisition DBAD
082 ## - DEWEY DECIMAL CLASSIFICATION NUMBER
Classification number S
Edition number 1
100 ## - MAIN ENTRY--PERSONAL NAME
Personal name Sabharwal, Bubbles
245 ## - TITLE STATEMENT
Title This Forbidden Thing Called Love/
Statement of responsibility, etc Bubbles Sabharwal
250 ## - EDITION STATEMENT
Edition statement 1
260 ## - PUBLICATION, DISTRIBUTION, ETC. (IMPRINT)
Place of publication, distribution, etc Chandigarh
Name of publisher, distributor, etc The Browser
Date of publication, distribution, etc 2026
270 ## - ADDRESS
City Chandigarh
Address SCO 14-15, Sector 8-C
Postal code 160009
Electronic mail address service@thebrowser.org
300 ## - PHYSICAL DESCRIPTION
Extent 131p.
Dimensions 22cm(pb)
942 ## - ADDED ENTRY ELEMENTS (KOHA)
Source of classification or shelving scheme Dewey Decimal Classification
Item type English Books
Classification part S
Call number suffix SAB
Holdings
Withdrawn status Lost status Not for loan Collection code Home library Current library Date acquired Source of acquisition Cost, normal purchase price Full call number Barcode Copy number Cost, replacement price Koha item type
      Fiction Tri Nagar Tri Nagar 29/05/2026 Delivery of Books Act Division 299.00 S SAB EN-132206 1 299.00 English Books

© Delhi Public Library
Hit Counter
free hit counter